Procesos de cogestión y comunicación para el desarrollo local /

Uloženo v:
Podrobná bibliografie
Hlavní autor: Rojas Rojas, Alberto
Médium: Text
Témata:
Tagy: Přidat tag
Žádné tagy, Buďte první, kdo vytvoří štítek k tomuto záznamu!

MARC

LEADER 00000 a a2200000 04500
001 16823
003
040
100 |a Rojas Rojas, Alberto  
245 |a Procesos de cogestión y comunicación para el desarrollo local /  |c Alberto Rojas Rojas 
650 |a DISEÑO DE PROYECTOS  
650 |a DESARROLLO DE LA COMUNICACION  
650 |a PLANIFICACION LOCAL  
650 |a TEORIA SOCIAL  
650 |a TRANSFERENCIA DE INFORMACION  
650 |a TEORICO  
773 |g volumen 11, número 3; páginas 193-204  
999 |c 26527  |d 26527